Impuesto a las ganancias (Registro nro. 4797)

Detalles MARC
000 -LEADER
fixed length control field 01317 a2200205 4500
001 - CONTROL NUMBER
control field 49326
005 - DATE AND TIME OF LATEST TRANSACTION
control field 20260407155756.0
008 - FIXED-LENGTH DATA ELEMENTS--GENERAL INFORMATION
fixed length control field 260407a1980 arg spa d
003 - CONTROL NUMBER IDENTIFIER
control field AR-UNSa-BCEJYS
040 ## - CATALOGING SOURCE
Original cataloging agency AR-UNSa-BCEJYS
Language of cataloging spa
Transcribing agency AR-UNSa-BCEJYS
080 ## - UNIVERSAL DECIMAL CLASSIFICATION NUMBER
Universal Decimal Classification number 336.226.1
Common auxiliary subdivision Impuestos a las ganancias o los beneficios (Impuesto Diferido)
041 ## - LANGUAGE CODE
Language code of text/sound track or separate title spa
100 1# - MAIN ENTRY--PERSONAL NAME
Personal name Jarach, Dino
245 10 - TITLE STATEMENT
Title Impuesto a las ganancias
264 #1 - PRODUCTION, PUBLICATION, DISTRIBUTION, MANUFACTURE, AND COPYRIGHT NOTICE
Place of production, publication, distribution, manufacture Buenos Aires :
Name of producer, publisher, distributor, manufacturer Cangallo
Date of production, publication, distribution, manufacture, or copyright notice 1980
300 ## - PHYSICAL DESCRIPTION
Extent 491 p.
Dimensions 23 cm.
505 ## - FORMATTED CONTENTS NOTE
Formatted contents note 1. Esquema general de la imposición a la renta - 2. Concepto de ganancia - 3. Deducciones generales - 4. Ganancias de la primera categoría - 5. Ganancias de la segunda categoría - 6. Ganancias de la tercera categoría - 7. Ganancias de la tercera categoría (cont.) - 8. Ganancias de la tercera categoría (cont.) - 9. Ganancias de la cuarta categoría - 10. Atribuciones de los hechos imponibles a los sujetos pasivos - 11. Impuesto personal y progresivo a la ganancia neta imponible de las personas físicas y sucesivos indivisas - 12. Impuestos a la sociedades de capital - 13. Impuestos que integran el sistema de los impuestos a las ganancias - 14. Ajustes por inflación - 15. Regímenes de incentivos fiscales - 16. Casos prácticos.
590 ## - LOCAL NOTE (RLIN)
Local note niveau_biblio:m niveau_hierar:0
942 ## - ADDED ENTRY ELEMENTS (KOHA)
Koha item type
Existencias
Withdrawn status Lost status Damaged status Not for loan Home library Current library Shelving location Date acquired Total checkouts Full call number Barcode Date last seen Price effective from Koha item type
        Biblioteca Prof. Eusebio Cleto del Rey Biblioteca Prof. Eusebio Cleto del Rey   07/04/2026   336.226.1 J37 L33050 07/04/2026 07/04/2026 Libro
        Biblioteca Prof. Eusebio Cleto del Rey Biblioteca Prof. Eusebio Cleto del Rey   07/04/2026   336.226.1 J37 L33051 07/04/2026 07/04/2026 Libro